LDR 01278nam a2200277 i 4500 001 000000006674 003 CaOOAMICUS 005 20260529130531.0 008 180830s1972 it u000 u ita u 040 $aSeMil$bita 245 10$aStoria delle idee politiche economiche e sociali /$cdiretta da Luigi Firpo. 264 1$aTorino :$bUTET,$c1972-1980. 300 $a6 v. in 8 tomi :$bill. ;$c24 cm 650 4$aSociologia - Enciclopedie e dizionari.$0(OLS)http://semarc/subject/560 650 4$aPolitica - Enciclopedie e dizionari.$0(OLS)http://semarc/subject/1032 650 4$aEconomia - Enciclopedie e dizionari.$0(OLS)http://semarc/subject/1033 700 1 $aFirpo, Luigi,$d<1915-1989>.$0(OLS)http://semarc/name/3493 774 0 $t1: L'antichità classica.$z88-02-03739-6$w()103345 774 0 $t2: Ebraismo e Cristianesimo . Il Medioevo.$w()6675 774 0 $t3: Umanesimo e Rinascimento.$z88-02-04081-8$w()103349 774 0 $t4: L'età moderna.$w()6676 774 0 $t L'età della Rivoluzione industriale.$w()103348 774 0 $t6: Il secolo Ventesimo.$w()103346 996 $6245$aStoria delle idee politiche economiche e sociali$9(OLS)http://semarc/title/8909 996 $6264$aTorino :$bUTET$9(OLS)http://semarc/publisher/29621